|
|
|
|
| LEADER |
00648nas a2200181 i 4500 |
| 001 |
acta39446 |
| 005 |
20210916104533.0 |
| 008 |
161201s1925 hu o 0|| fre d |
| 040 |
|
|
|a SZTE Egyetemi Kiadványok Repozitórium
|b hun
|
| 041 |
|
|
|a fre
|
| 245 |
0 |
0 |
|a Revue des études hongroises et finno-ougriennes
|h [elektronikus dokumentum] :
|b année 3.
|
| 260 |
|
|
|c 1925
|
| 300 |
|
|
|a 315
|
| 490 |
0 |
|
|a Revue des études hongroises et finno-ougriennes
|v 3
|
| 695 |
|
|
|a Hungarológia, Nyelvtudomány - magyar
|
| 700 |
0 |
1 |
|a Baranyai Zoltán
|
| 700 |
0 |
1 |
|a Eckhardt Sándor
|
| 856 |
4 |
0 |
|u http://acta.bibl.u-szeged.hu/39446/1/etudes_hongroises_003.pdf
|z Dokumentum-elérés
|